Les 25 départements français les plus densément peuplés - Statistiques

Statistiques générales
  • Ce quiz a été pris 377 fois
  • Le résultat moyen est 21 sur 25
Statistiques - réponses
Densité Département % Correct
20 433 hab./km² Paris
100%
449 hab./km² Nord
96%
513 hab./km² Rhône
95%
6 292 hab./km² Seine-Saint-Denis
95%
375 hab./km² Bouches-du-Rhône
94%
224 hab./km² Bas-Rhin
93%
218 hab./km² Pas-de-Calais
93%
8 619 hab./km² Hauts-de-Seine
91%
5 220 hab./km² Val-de-Marne
91%
611 hab./km² Yvelines
91%
887 hab./km² Val-d'Oise
90%
246 hab./km² Alpes-Maritimes
88%
213 hab./km² Seine-et-Marne
88%
207 hab./km² Haut-Rhin
85%
159 hab./km² Hérault
85%
659 hab./km² Essonne
84%
166 hab./km² Var
84%
177 hab./km² Loire-Atlantique
83%
180 hab./km² Haute-Garonne
80%
198 hab./km² Seine-Maritime
74%
165 hab./km² Moselle
63%
311 hab./km² La Réunion
62%
355 hab./km² Martinique
62%
265 hab./km² Guadeloupe
61%
225 hab./km² Territoire de Belfort
54%
Aucun quiz correspondant
Distribution des résultats
% des personnes avec chaque résultat
Percentile par nombre de réponses
Votre historique - résultats
Vous n’avez pas pris ce quiz